000 00426 a2200157 4500
999 _c9925
_d9925
020 _aNO ISBN
050 _aKQERHO1981
245 _aZimbabwe Government Gazette :
_b(Part 1) .1-170 /
264 _aSalisbury: Zimbabwe
_bAuthority,
_c1981
300 _a855p. :
500 _aincludes index
650 _aStatutory Instrument
650 _aCustoms and Exercise act
651 _aZimbabwe
942 _2lcc
_cSERIALS
_h512
_iRHO
_kKQE